Sports Quiz

Random Sports or WWE Quiz

Name a Wrestler That... Quiz Stats

Quiz Updated Jan 3, 2015

Also try: WWE Hall of Fame
Challenge
Share
Tweet
Embed
Score 0/20 Timer 05:00
12 Plays Today
Hint Wrestler % Correct
...have won a Tag Team title with Kane [8]Undertaker...
88.9%
...has defeated Vince McMahon in a singles match [10]Bret Hart...
88.9%
...have wrestled in 3 decades of Wrestlemanias [14]Mike Rotundo...
87.1%
...that has main evented Wrestlemania and Starrcade [5]Hulk Hogan...
85.4%
...has a one word name and has held the Hardcore title [16]Mankind...
81.3%
...has won a King of the Ring, Royal Rumble and Heavyweight Title [6]Bret Hart...
78%
...has held the ECW and WWE Heavyweight titles [5] Rob Van Dam...
77.5%
...has entered first AND last in a Royal Rumble [6]Ted Dibiase...
77.2%
...has won an Iron Man Match and isn't Shawn Michaels [10]Triple H...
71.8%
...has won a WCW or WWF/E Heavyweight title and been managed by Bobby Heenan [7]Andre the Giant...
67.6%
Hint Wrestler % Correct
...has won TNA's Triple Crown [6]A.J. Styles...
66.5%
...has dated CM Punk [9]Becky Bayless...
65.9%
...has defeated Goldberg in a singles match and isn't Kevin Nash [5]Bret Hart....
65.3%
...has won the Women's and Hardcore or Cruiserweight title [4]Trish Stratus...
63.2%
...has won both WWE Women's and TNA Knockout titles [3]Gail Kim...
60.1%
...has been a regular tag team partner of Haku [7]Dino Bravo....
47.9%
...has been in a War Games and Elimination Chamber match [3]Kevin Nash...
43.6%
....who lost in the opening round of the Wrestlemania 4 tournament [5] Jim Duggan...
34.3%
...has held the WCW TV title and never wrestled in WWF/E that isn't Sting [18]Hiroshi Hase...
29.4%
...who failed to body slam Yokozuna on the USS Intrepid [8]Bob Backlund...
27.2%

You're not logged in!

Compare scores with friends on all Sporcle quizzes.
Sign Up with Email
OR
Log In

You Might Also Like...

Show Comments

Extras

Top Quizzes Today


Score Distribution

Your Account Isn't Verified!

In order to create a playlist on Sporcle, you need to verify the email address you used during registration. Go to your Sporcle Settings to finish the process.